000 00570nam a2200193Ia 4500
003 GCL
008 140319s9999 xx 000 0 ara d
040 _aGCL /
_cGCL
082 0 4 _a811.5
_bع ح
100 1 _aعبود احمد الخزرجى
245 1 0 _aحكم المتنبى:الباهرة /
_cعبود احمد الخزرجى
260 _a[S.N] :
_bمكتبة النهضة ،
_c1988
300 _a149 ص
490 _a
650 0 4 _aالشعر العربى
650 0 4 _aالمتنبى, ابو الطيب
650 0 4 _aتاريخ ونقد
942 _2ddc
_cBK
999 _c36857
_d36857